000 00515nam a2200193Ia 4500
003 OSt
005 20240528114304.0
008 210210b1955 xxu||||| |||| 00| 0 eng d
040 _cAL
041 _aHindi
082 _a861/75
100 _aGUPTA (Siyaramsaran)
_dसियारामशरण गुप्त
_9168170
245 _aArdra
_bआर्द्रा
260 _aChirganv
_bSahity Sadan
_c1955
650 _aArdra
_9168171
690 _aHindi Poetry
_9168172
906 _a023096
942 _2ddc
_cBK
999 _c147988
_d147988